5HLuxD.jpg

KING HENRY VIII SENIOR AND PRIMARY SCHOOL LIBRARY OPAC

Identical / (Record no. 94)

000 -LEADER
fixed length control field 01320cam a2200397Ia 4500
001 - CONTROL NUMBER
control field 692662730
003 - CONTROL NUMBER IDENTIFIER
control field OCoLC
005 - DATE AND TIME OF LATEST TRANSACTION
control field 20190725150927.0
008 - FIXED-LENGTH DATA ELEMENTS--GENERAL INFORMATION
fixed length control field 101215t20102008nyu d 000 1 eng d
020 ## - INTERNATIONAL STANDARD BOOK NUMBER
International Standard Book Number 9781416950066 (pbk.)
020 ## - INTERNATIONAL STANDARD BOOK NUMBER
International Standard Book Number 1416950060 (pbk.)
035 ## - SYSTEM CONTROL NUMBER
System control number (OCoLC)692662730
040 ## - CATALOGING SOURCE
Original cataloging agency GCV
Transcribing agency GCV
043 ## - GEOGRAPHIC AREA CODE
Geographic area code n-us-ca
082 ## - DEWEY DECIMAL CLASSIFICATION NUMBER
Classification number FIC HOP
091 ## - MICROFILM SHELF LOCATION (AM) [OBSOLETE]
Microfilm shelf location FIC
100 1# - MAIN ENTRY--PERSONAL NAME
Personal name Hopkins, Ellen.
Relator term author
245 10 - TITLE STATEMENT
Title Identical /
Statement of responsibility, etc. Ellen Hopkins.
250 ## - EDITION STATEMENT
Edition statement 1st pbk. ed.
260 ## - PUBLICATION, DISTRIBUTION, ETC.
Place of publication, distribution, etc. New York :
Name of publisher, distributor, etc. Margaret K. McElderry Books,
Date of publication, distribution, etc. 2010, c2008.
300 ## - PHYSICAL DESCRIPTION
Extent 565 p. ;
Dimensions 18 cm.
520 ## - SUMMARY, ETC.
Summary, etc. Sixteen-year-old identical twin daughters of a district court judge and a candidate for the United States House of Representatives, Kaeleigh and Raeanne Gardella desperately struggle with secrets that have already torn them and their family apart.
650 #0 - SUBJECT ADDED ENTRY--TOPICAL TERM
Topical term or geographic name entry element Novels in verse.
650 #0 - SUBJECT ADDED ENTRY--TOPICAL TERM
Topical term or geographic name entry element Emotional problems of teenagers
Form subdivision Fiction.
650 #0 - SUBJECT ADDED ENTRY--TOPICAL TERM
Topical term or geographic name entry element Family secrets
Form subdivision Fiction.
650 #0 - SUBJECT ADDED ENTRY--TOPICAL TERM
Topical term or geographic name entry element Sexual abuse victims
Form subdivision Fiction.
650 #0 - SUBJECT ADDED ENTRY--TOPICAL TERM
Topical term or geographic name entry element Twins
Form subdivision Fiction.
650 #0 - SUBJECT ADDED ENTRY--TOPICAL TERM
Topical term or geographic name entry element Sisters
Form subdivision Fiction.
651 #0 - SUBJECT ADDED ENTRY--GEOGRAPHIC NAME
Geographic name California
Form subdivision Fiction.
700 ## - ADDED ENTRY--PERSONAL NAME
Personal name Yuen, Sammy Jr.
Relator term Cover designer & illustrator
901 ## - LOCAL DATA ELEMENT A, LDA (RLIN)
a aew
b CWE
c CATBL
901 ## - LOCAL DATA ELEMENT A, LDA (RLIN)
a MARS
901 ## - LOCAL DATA ELEMENT A, LDA (RLIN)
a BTCLS
942 ## - ADDED ENTRY ELEMENTS (KOHA)
Source of classification or shelving scheme
Koha item type Books - Fiction
945 ## - LOCAL PROCESSING INFORMATION (OCLC)
a .o13576653
Holdings
Withdrawn status Lost status Source of classification or shelving scheme Damaged status Not for loan Collection code Permanent Location Current Location Shelving location Date acquired Total Checkouts Full call number Barcode Date last seen Date last checked out Price effective from Koha item type
          Fiction KH8 Senior School Library KH8 Senior School Library Fiction 2019-07-25 1 FIC HOP 3KHSL000101074 2024-10-02 2024-09-25 2019-07-25 Books - Fiction

Powered By KH8 IT Dept